El nuevo sistema legal de pesas y medidas puesto al alcance de todos / (Record no. 158880)
[ view plain ]
| 000 -LEADER | |
|---|---|
| campo de control de longitud fija | 00610nam a22001815i 4500 |
| 001 - NÚMERO DE CONTROL | |
| campo de control | 158880 |
| 003 - IDENTIFICADOR DE NÚMERO DE CONTROL | |
| campo de control | ES-MaACL |
| 005 - FECHA Y HORA DE LA ÚLTIMA TRANSACCIÓN | |
| campo de control | 20250724075056.0 |
| 008 - DATOS DE LONGITUD FIJA--INFORMACIÓN GENERAL | |
| campo de control de longitud fija | 971010s1852 sp |||| | spa d |
| 040 ## - FUENTE DE CATALOGACIÓN | |
| Centro catalogador/agencia de origen | AR |
| Lengua de catalogación | spa |
| Centro/agencia transcriptor | AR |
| 100 1# - ENTRADA PRINCIPAL--NOMBRE DE PERSONA | |
| Nombre de persona | Martín, Melitón. |
| 9 (RLIN) | 77355 |
| 245 13 - MENCIÓN DEL TÍTULO | |
| Título | El nuevo sistema legal de pesas y medidas puesto al alcance de todos / |
| Mención de responsabilidad, etc. | por Meliton Martin. |
| 260 ## - PUBLICACIÓN, DISTRIBUCIÓN, ETC. | |
| Lugar de publicación, distribución, etc. | Madrid : |
| Nombre del editor, distribuidor, etc. | [s.n.], |
| Fecha de publicación, distribución, etc. | 1852 ( |
| Fabricante | Imp. de J. Martin Alegría) |
| 300 ## - DESCRIPCIÓN FÍSICA | |
| Extensión | 130 p., [1] h. pleg. ; |
| Dimensiones | 24 cm. |
| 650 #7 - PUNTO DE ACCESO ADICIONAL DE MATERIA--TÉRMINO DE MATERIA | |
| Término de materia o nombre geográfico como elemento de entrada | Pesos y medidas |
| Fuente del encabezamiento o término | embne |
| 9 (RLIN) | 136691 |
| 852 ## - LOCALIZACIÓN | |
| Ubicación | ES-MaACL |
| Número de control de estantería | C-3613 |
| Nota libre | -- Enc. cartón |
| Estatus retirado | Estado de pérdida | Estado de daño | No para préstamo | Colección | Biblioteca de origen | Biblioteca actual | Ubicación en estantería | Fecha de adquisición | Fuente de adquisición | Total de préstamos | Signatura topográfica completa | Código de barras | Visto por última vez | Precio de reemplazo | Tipo de ítem Koha |
|---|---|---|---|---|---|---|---|---|---|---|---|---|---|---|---|
| Libros del s. XIX | Biblioteca del Ateneo de Madrid | Biblioteca del Ateneo de Madrid | Depósito 2 | 17/01/2008 | C-3613 | 1166296 | 23/02/2023 | 23/02/2023 | Libro impreso antiguo |
